• 首页
  • 本馆介绍
  • 公告通知
  • 最新文献
  • 馆藏检索
  • 电子资源
  • 读者导购
  • 参考咨询
  • 我的图书馆
  • 登录
  • 详细信息显示
  • 放入我的书架
  • 预约/预借图书
  • 作者相关作品
  • 分类相关作品
  • 丛书相关作品
  • 出版社相关作品

书目信息

  • 表格格式
  • 工作单格式
  • 卡片格式
题名:
高等教育办学模式改革研究
    
 
作者: 杨波怡 著
分册:  
出版信息: 长春   吉林大学出版社  2018
页数: 198页
开本: 24cm
丛书名:
单 册:
中图分类: G718.5
科图分类:
主题词: 高等职业教育--办学模式--教育改革--研究--中国
电子资源:
ISBN: 978-7-5677-7216-8
000 00936nam0 2200217 450
001 1368
005 20180522111516.71
010    @a978-7-5677-7216-8@dCNY45.00
100    @a20160905d2018 em y0chiy0110 ea
101 0  @achi
102    @aCN@b220000
105    @ay z 000yy
200 1  @a高等教育办学模式改革研究@9gao deng jiao yu ban xue mo shi gai ge yan jiu@f杨波怡著
210    @a长春@c吉林大学出版社@d2018
215    @a198页@d24cm
330    @a本书从利益相关者理论的视角出发,综合运用规范分析和实证分析相结合的方法开展研究,以我国高等职业教育近30年来办学模式改革的实践为分析样本,尝试在影响其办学改革的利益相关者的利益需求、交互、冲突与协调中,理解高等职业教育办学改革的本质和作用机制,并就如何在制度层面延展和深化我国高等职业教育办学改革做了思考。
606 0  @a高等职业教育@x办学模式@x教育改革@x研究@y中国
690    @aG718.5@v5
701  0 @a杨波怡@9yang bo yi@4著
801  0 @aCN@b91CIP@c20160905
905    @aMuseLib@dG718.5@e41
    
    高等教育办学模式改革研究/杨波怡著.-长春:吉林大学出版社,2018
    198页;24cm
    
    
    ISBN 978-7-5677-7216-8:CNY45.00
    本书从利益相关者理论的视角出发,综合运用规范分析和实证分析相结合的方法开展研究,以我国高等职业教育近30年来办学模式改革的实践为分析样本,尝试在影响其办学改革的利益相关者的利益需求、交互、冲突与协调中,理解高等职业教育办学改革的本质和作用机制,并就如何在制度层面延展和深化我国高等职业教育办学改革做了思考。
●
相关链接 在E读中查询图书 在五车中查询图书 在当当中查询图书 在豆瓣中查询图书


正题名:高等教育办学模式改革研究     索取号:G718.5/41         预约/预借

序号 登录号 条形码 馆藏地/架位号 状态 备注
1 1104108   211041086   第一样本阅览室/ [索取号:G718.5/41] 在馆    
2 1104109   211041095   教育系资料室/ [索取号:G718.5/41] 在馆    
3 1104110   211041102   教育系资料室/ [索取号:G718.5/41] 在馆    
4 1104111   211041111   教育系资料室/ [索取号:G718.5/41] 在馆    
5 1104112   211041120   第四借阅区/ [索取号:G718.5/41] 在馆    
6 1104113   211041139   第四借阅区/ [索取号:G718.5/41] 在馆    
唐山师范学院图书馆 欢迎您!
大连网信软件有限公司© 版权所有